| 000 | 00479nam a2200181Ia 4500 | ||
|---|---|---|---|
| 001 | 8374 | ||
| 005 | 20260306160604.0 | ||
| 008 | 260306t2015||||xx |||||||||||||| ||spa|| | ||
| 041 | _aESP | ||
| 082 |
_a370.7 _bM86 |
||
| 100 |
_aMoreno Torres, Mónica _eAUT |
||
| 245 | 0 | _aBases de una estrategia didáctica para la formación de profesores investigadores | |
| 260 | _c2015 | ||
| 300 |
_a233 páginas : _c23 cm. |
||
| 650 | _aGEN | ||
| 654 | _aCED | ||
| 942 |
_cLIB _dJUS _fJUS _2ddc _n |
||
| 999 |
_c8374 _d8374 |
||